Prince Charting Songs (Billboard Hot Rock) - Statistics

General Stats
  • This quiz has been taken 24 times
  • The average score is 4 of 6
Answer Stats
Album Weeks On Peak Artist(s) Song % Correct
Purple Rain 16 Weeks #1 Prince and the Revolution Purple Rain
100%
1999 8 Weeks #4 Prince Little Red Corvette
91%
Purple Rain 17 Weeks #2 Prince When Doves Cry
91%
Purple Rain 5 Weeks #5 Prince and the Revolution Let's Go Crazy
82%
Beatles 50 Years 2 Weeks #10 Tom Petty, Jeff Lynne, Steve Winwood, Dhani Harrison & Prince While My Guitar Gently Weeps
50%
Purple Rain 2 Weeks #9 Prince and the Revolution Darling Nikki
27%
No matching quizzes found
Score Distribution
Percent of People with Each Score
Percentile by Number Answered
Your Score History
You have not taken this quiz